Statistiques concernant Les plus grandes îles de Grèce

Cliquez ici pour prendre le quiz!

Statistiques générales

  • Ce quiz a été pris 58 fois
  • Le résultat moyen est 6 sur 16

Réponses sur la Carte

Les réponses sont colorées sur une échelle allant du rouge au vert en fonction du pourcentage des utilisateurs qui les ont devinées à leur premier essai. Vous pouvez retrouver ces pourcentages ci-dessous.
 

Statistiques - réponses

km²île% Correct
8336Crète
92%
1401Rhodes
75%
1633Lesbos
61%
430Naxos
51%
593Corfou
45%
3670Eubée
45%
290Kos
37%
842Chíos
35%
406Zante
25%
380Ándros
24%
781Céphalonie
24%
478Samos
24%
380Thasos
20%
478Lemnos
18%
303Leucade
12%
300Kárpathos
10%

Distribution des résultats

Percentile par nombre de réponses

% des personnes avec chaque résultat

Votre développement - résultats

Vous n’avez pas pris ce quiz